00392nam a22001577a 4500003000700000005001700007008004100024082002200065100003600087245002200123250001400145260002800159300000800187490003400195650000500229MPLRDC20220104143522.0210129b ||||| |||| 00| 0 eng d a177.3 CAR v.5 c.4 aDALE CARNEGIE 原著; 季祥译 a快乐的人生c a十二版 ab名人出版社c1981 b平 a卡耐基做人处世丛书;5 a